01403nam a22003374a 4500001001200000003000800012006001900020007001500039008004100054010001700095020003600112020003500148040002100183035002000204050002400224082002500248245018700273260005500460300002200515504004100537533015200578650004300730650003200773655002900805700001900834700001900853700003300872710001700905856012600922999001701048ebr10058574CaPaEBRm u cr cn|||||||||030110s2004 caua sb s000 0 eng  z 2003000593 z0520223098 (cloth : alk. paper) z0520241037 (pbk. : alk. paper) aCaPaEBRcCaPaEBR a(OCoLC)7072918614aQH77.C8bB56 2004eb04a333.95/16/09728622100aBiodiversity conservation in Costa Ricah[electronic resource] :blearning the lessons in a seasonal dry forest /cedited by Gordon W. Frankie, Alfonso Mata, and S. Bradleigh Vinson. aBerkeley :bUniversity of California Press,c2004. ax, 341 p. :bill. aIncludes bibliographical references. aElectronic reproduction.bPalo Alto, Calif. :cebrary,d2013.nAvailable via World Wide Web.nAccess may be limited to ebrary affiliated libraries. 0aBiodiversity conservationzCosta Rica. 0aForest ecologyzCosta Rica. 7aElectronic books.2local1 aFrankie, G. W.1 aMata, Alfonso.1 aVinson, S. Bradleigh,d1938-2 aebrary, Inc.40uhttp://site.ebrary.com/lib/rucke/Doc?id=10058574zAn electronic book accessible through the World Wide Web; click to view c69446d69446